000 00280nam a22001217a 4500
008 170922b xxu||||| |||| 00| 0 eng d
041 _aeng
080 _a37
100 _a46
101 _aEDU
245 _aINTEGRATING TECHNOLOGY FOR MEANINGFUL LEARNING
_cGRABE
942 _2udc
_cBK
999 _c29193
_d29193